| 000 | 00784nam a2200265 4500 | ||
|---|---|---|---|
| 001 | 3712870 | ||
| 005 | 20190911102021.0 | ||
| 008 | 690821m19699999enka b 001 0 eng | ||
| 035 | _9(DLC) 79402260 | ||
| 906 |
_a7 _bcbc _corignew _du _encip _f19 _gy-gencatlg |
||
| 010 | _a 79402260 | ||
| 015 | _aB69-09641 (v. 1) | ||
| 020 | _a0408518502 (v. 1) | ||
| 040 |
_aDLC _cDLC _dDLC |
||
| 050 | 0 | 0 |
_aTK7867 _b.M32 |
| 082 | 0 | 0 | _a621.381/5 |
| 100 | 1 |
_aMaddock, R. J. _920194 |
|
| 245 | 1 | 0 |
_aIntermediate electronics _c[by] R. J. Maddock. |
| 260 |
_aLondon, _bButterworths, _c1969- |
||
| 300 |
_av. _billus. _c23 cm. |
||
| 350 | _a55/- (v.1) | ||
| 504 | _aBibliography: v. 1, p. 315. | ||
| 650 | 0 |
_aElectronic circuits. _920195 |
|
| 991 |
_bc-GenColl _hTK7867 _i.M32 _tCopy 1 _wBOOKS |
||
| 999 |
_c528410 _d528410 |
||